[Event "3rd Sharjah Masters 2019"]
[Site "Sharjah"]
[Date "2019.03.25"]
[Round "4.26"]
[White "El Adnani, Mokliss"]
[Black "Koniahli, Malek."]
[Result "0-1"]
[WhiteElo "2455"]
[BlackElo "2294"]
[Annotator "TA"]
[PlyCount "189"]
[EventDate "2019.03.22"]
[EventType "swiss"]
[EventCountry "UAE"]
[SourceTitle "playchess.com"]
[Source "ChessBase"]
[SourceQuality "1"]

{[%evp 12,189,15,16,20,10,21,8,19,16,25,8,23,13,26,-2,16,-22,-29,-15,-30,-55,-50,-42,-39,-69,-68,-70,-71,-94,-100,-102,-98,-116,-114,-124,-127,-125,-103,-102,-109,-104,-93,-115,-109,-97,-48,-51,-38,-28,-37,-41,-38,-41,0,-74,-64,-57,-66,-77,-75,-79,-61,-65,-60,-97,-96,-81,-42,-50,0,-12,-11,-16,0,0,0,0,0,0,0,0,0,0,0,-37,-37,-43,0,-9,0,0,0,-16,-12,-21,-10,-21,-21,-21,-21,-19,-25,-25,-22,-23,-29,-112,-106,-159,-167,-191,-213,-178,-183,-904,-896,-1161,-180,-256,-256,-284,-272,-286,-266,-405,-396,-577,-477,-4933,-5065,-3610,-2500,-1085,0,-431,-420,-408,-387,-908,-914,-671,-56,-57,-57,-56,-56,-56,-55,-70,-70,-70,-66,-71,-66,-70,-56,-56,-56,-56,-58,-62,-58,-58,-58,-58,-58,-60,-64,-71,-10,-66,-8,-8,-8,-70,-70,-745,-722,-29981]} 1. e4 e5 2. Nf3 Nc6 3. Bb5 a6 4. Ba4 Nf6 5. Bxc6 dxc6 6. d3 Nd7 7. Nbd2 Bc5 {C77: Ruy Lopez: 3...a6 4 Ba4 Nf6, unusual lines} (7... c5 8. Nc4 f6 9. O-O Nb6 10. Ne3 Be6 11. b3 g5 12. Bb2 Qd7 13. a4 Rd8 14. Nd2 h5 15. Ndc4 {1-0 (62) Bartel,M (2664)-Korobov,A (2693) Wroclaw 2014}) 8. Nc4 O-O 9. Be3 Bd6 {The position is equal.} 10. O-O Re8 11. d4 $146 ({Predecessor:} 11. a4 c5 12. Nfd2 Nf8 13. a5 Be6 14. Nxd6 cxd6 15. Nc4 Qc7 {1-0 (49) Paravyan,D (2540)-Mikaelyan,A (2432) Yerevan 2017}) 11... Qe7 12. Re1 exd4 13. Bxd4 Bc5 14. e5 Nf8 15. Bxc5 Qxc5 16. Qd4 Qxd4 17. Nxd4 c5 18. Nb3 Be6 $36 {[%mdl 2048] Black is pushing.} 19. Ncd2 Rad8 20. Nf3 b6 21. Nbd2 Ng6 22. Rad1 h6 (22... Bxa2 23. b3 $16) 23. a3 Bf5 24. c3 Bc2 25. Rc1 Ba4 26. b3 Bc6 27. Re3 Nf4 28. g3 Ng6 (28... Nd3 {seems wilder.} 29. Rb1 Bb7 30. Rd1 g5 31. h3 Bxf3 32. Nxf3 Nxe5 33. Rxd8 Nxf3+ 34. Kg2 Rxd8 35. Kxf3 f6) 29. b4 Bd5 30. bxc5 bxc5 31. c4 Bc6 32. h4 Rb8 33. h5 (33. e6 $11) 33... Nf8 $1 $17 34. Ne1 Rb2 35. Ne4 Bxe4 36. Rxe4 Rd8 37. Rc2 Rb1 38. Kg2 Rdd1 39. Nf3 Rb3 40. Ree2 Rxa3 41. Rb2 Ne6 42. Rb8+ Rd8 43. Rxd8+ Nxd8 $11 {[%mdl 4096] Endgame KRN-KRN} 44. Rb2 Ne6 45. Rb8+ Kh7 46. Nh4 Ra2 47. Kg1 Rd2 48. f4 Rd8 49. Rb7 g6 50. Ra7 Rd1+ 51. Kf2 Ra1 52. Ra8 Ra2+ 53. Kf1 g5 54. Ng2 Ra3 55. Kf2 Nd4 56. Ne3 Ra2+ 57. Kf1 Ne2 58. Nf5 gxf4 59. gxf4 (59. g4 $1 $11) 59... Nxf4 $17 60. Rc8 (60. Re8 $142) 60... Nxh5 61. Rxc7 {Black must now prevent e6.} Kg6 62. Ne7+ Kg5 63. Rxc5 $2 (63. Nd5) 63... Ng3+ $19 64. Ke1 Kf4 $2 (64... Ra1+ 65. Kf2 Ne4+ {[%mdl 64] Double Attack} 66. Ke2 Nxc5) 65. Nd5+ (65. Rc6 $142) 65... Kxe5 66. Nb4+ Kd4 67. Rc7 Rb2 68. Nxa6 (68. Nc6+ $142 Ke3 69. Kd1) 68... f5 {[%cal Bf7f5,Bf5f4,Bf4f3,Bf3f2][%mdl 32]} 69. c5 (69. Rg7 $142 Ne4 70. Nc7) 69... f4 70. c6 (70. Rd7+ $142 Ke3 71. Nc7) 70... f3 {( -> ...f2+)} 71. Rf7 Ke3 {[%cal Rb2b1]} 72. Kd1 Rb1+ (72... Rd2+ $142 73. Kc1 f2) 73. Kc2 Rb6 $1 {[%csl LRa6,LRc6][%mdl 64] Double Attack} 74. c7 Rc6+ 75. Kb3 $2 (75. Kb2 f2 76. Nb4 Rxc7 {[%mdl 64] Promotion} 77. Rxc7) 75... f2 $1 76. Nb4 {[#]} Rc5 $2 {[#]} (76... Rxc7 $1 $19 {[%mdl 512]} 77. Nd5+ (77. Rxc7 f1=Q) 77... Ke4 78. Rxf2 Kxd5) 77. Rxf2 $1 $15 {[%mdl 512]} Rxc7 (77... Kxf2 78. Nd3+) 78. Rh2 {Nd5+ is the strong threat.} Rh7 $1 79. Nd5+ Kf3 80. Nf6 Rh8 $1 81. Kc2 Nf5 82. Nh5 Rc8+ 83. Kd2 Rd8+ 84. Ke1 Rd6 85. Rf2+ Kg4 86. Nf4 Ra6 87. Ne2 Ra1+ 88. Kd2 h5 {And now ...h4 would win.} 89. Rf4+ Kg5 {aiming for ...Ra2+.} 90. Rb4 Rf1 (90... h4 $17 {Threatens to win with ...h3.} 91. Nf4 Rh1) 91. Rb8 (91. Nd4 $1 $11) 91... Kg4 (91... h4 $15 92. Rg8+ Kh5) 92. Rg8+ $11 Kh3 93. Ng1+ ({White should try} 93. Rf8 $11) 93... Kh2 $1 $15 94. Rg5 $2 {[%mdl 8192]} (94. Ne2 $15) 94... Ng3 $19 ({Worse is} 94... Rxg1 95. Rxh5+ Kg3 96. Rg5+ Kh2 97. Rxg1 $11) 95. Nf3+ {Accuracy: White = 43%, Black = 56%.} 0-1

[Event "3rd Sharjah Masters 2019"]
[Site "Sharjah"]
[Date "2019.03.25"]
[Round "4.27"]
[White "Ranaldi, Lucas"]
[Black "Sadhwani, Raunak"]
[Result "0-1"]
[WhiteElo "2279"]
[BlackElo "2455"]
[Annotator "TA"]
[PlyCount "72"]
[EventDate "2019.03.22"]
[EventType "swiss"]
[EventCountry "UAE"]
[SourceTitle "playchess.com"]
[Source "ChessBase"]
[SourceQuality "1"]

{[%evp 21,72,0,0,0,55,0,0,-2,22,4,38,47,32,0,0,0,0,0,0,0,0,-18,-20,-59,-43,-81,-90,-93,-87,-126,-112,-123,-54,-92,-97,-179,-146,-210,-218,-309,-300,-313,-310,-369,-376,-653,-662,-644,-594,-747,-729,-647,-645]} 1. c4 Nf6 2. Nf3 g6 3. Nc3 Bg7 4. e4 d6 5. d4 O-O 6. Be2 Nbd7 7. O-O e5 8. Re1 c6 9. Bf1 exd4 10. Nxd4 Re8 11. Nc2 Nc5 {[%cal Rf6e4]} 12. f3 {E95: King's Indian: Classical: 7...Nbd7 8 Re1} Nh5 (12... Qb6 $11) 13. g4 (13. Be3 $14) 13... Nf6 $11 14. Be3 $1 {The position is equal.} h5 $146 {[%cal Rh5g4]} ({Predecessor:} 14... Qe7 15. Bf4 Rd8 16. Qd2 h5 17. Rad1 hxg4 18. e5 Nh7 19. exd6 Qf8 {0-1 (32) Abeln,M (2378)-Bosboom,M (2434) Kemer 2007}) 15. g5 $1 {[%cal Rg5f6]} Nh7 16. Qd2 $1 Ne6 {[%cal Re6g5]} 17. h4 f6 {[%cal Rf6g5]} 18. f4 Nc5 19. b4 Nxe4 20. Nxe4 Rxe4 21. Bd3 Re7 22. Bxg6 {Threatens to win with Bd4.} fxg5 23. hxg5 Bxa1 24. Rxa1 {[#]} Qd7 $1 {And now ...Nf8 would win.} 25. Qg2 Qg4 26. Bd3 Bd7 ({Black should play} 26... Qxg2+ $17 27. Kxg2 Bg4) 27. Qxg4 Bxg4 28. g6 (28. Bd2 $17) 28... Nf6 29. Bd4 (29. f5 $17) 29... Rf8 30. Ne3 (30. Rf1 $142) 30... Ne4 $19 31. Nxg4 hxg4 32. Rf1 Nd2 33. Rf2 $2 {[#]} (33. f5 Nxf1 34. f6 Rxf6 35. Bxf6) 33... Nf3+ {Black is clearly winning.} 34. Rxf3 gxf3 35. f5 {White wants to play f6.} Re1+ 36. Kf2 Rd1 {Accuracy: White = 40%, Black = 71%.} 0-1

[Event "3rd Sharjah Masters 2019"]
[Site "Sharjah"]
[Date "2019.03.25"]
[Round "4.28"]
[White "Amdouni, Zoubaier"]
[Black "Aditya, Mittal"]
[Result "0-1"]
[WhiteElo "2275"]
[BlackElo "2454"]
[Annotator "TA"]
[PlyCount "66"]
[EventDate "2019.03.22"]
[EventType "swiss"]
[EventCountry "UAE"]
[SourceTitle "playchess.com"]
[Source "ChessBase"]
[SourceQuality "1"]

{[%evp 15,66,-14,0,-22,-16,-26,-8,-63,-63,-182,-187,-182,-184,-174,-45,-26,-12,-10,-6,-7,0,0,-12,-288,-277,-291,-295,-364,-356,-321,-273,-281,-263,-361,-366,-733,-710,-1281,-1251,-29983,-29984,-29984,-29985,-29985,-29986,-29987,-29988,-29990,-29978,-1763,-29962,-29988,-6249]} 1. e4 c5 2. Nf3 d6 3. d4 cxd4 4. Nxd4 Nf6 5. Nc3 a6 6. Bc4 e6 7. Bb3 Nbd7 8. Bg5 Nc5 9. f4 {B86: Sicilian Scheveningen/Najdorf: 6 Bc4, without early ...b5} (9. O-O Be7 10. Re1 h6 11. Bh4 Nxb3 12. axb3 g5 13. Bg3 e5 14. Nde2 Be6 15. f3 Rc8 16. Bf2 h5 17. Ng3 {½-½ (48) Rublevsky,S (2683)-Oparin,G (2602) Moscow 2017}) 9... Be7 10. Qf3 Qc7 11. O-O-O (11. O-O $11) 11... b5 $15 12. Nf5 (12. Rhe1 $15) 12... Nxb3+ $19 13. axb3 {Black must now prevent e5.} exf5 14. Bxf6 gxf6 (14... Bxf6 $19 15. Nd5 Qb7) 15. Nd5 $15 Qd8 16. e5 $1 fxe5 $146 ({Predecessor:} 16... Rb8 17. Nxe7 Qxe7 18. exd6 {0-1 (29) Stokes,I (2055)-Sarenac,D (2258) Subotica 2007}) 17. fxe5 Be6 18. Nxe7 Kxe7 19. Rxd6 $2 {[%mdl 8192]} (19. g4 $1 $11 {and White is okay.} f4 20. Rxd6) 19... Qc7 $19 20. Qf4 {Qg5+ is the strong threat.} Rac8 {[%csl Gc8][%cal Rc7c2]} 21. Qg5+ Ke8 {[%csl Gc8][%cal Rc7c2]} 22. c3 {Hoping for Qf6.} Qe7 23. Qg7 Rf8 $1 24. Re1 Bxb3 25. Kb1 $2 (25. Qxh7 Qg5+ 26. Kb1) 25... Qh4 {[%mdl 64] Double Attack} 26. g3 Qa4 {( -> ...Qa2+)} 27. e6 Qa2+ 28. Kc1 Qa1+ 29. Kd2 Qxb2+ 30. Ke3 Rxc3+ 31. Kf4 Rc4+ {[%mdl 64] Discovered Attack} 32. Kf3 Qxg7 33. e7 Qc3+ {Accuracy: White = 15%, Black = 69%.} (33... Qg4+ $142 34. Kf2 Rc2+ 35. Kg1 {[#]} Be6 $1 {[%mdl 512]} 36. Red1 Qe2 $1 {[%mdl 512]} 37. exf8=Q+ Kxf8 38. Rd8+ Kg7 39. R8d2 Rxd2 40. Rxd2 Qxd2 41. h4 Qe1+ {[%mdl 64] Double Attack} 42. Kh2 Bd5 43. g4 fxg4 44. h5 Qf2#) 0-1

[Event "3rd Sharjah Masters 2019"]
[Site "Sharjah"]
[Date "2019.03.25"]
[Round "4.29"]
[White "Mullick, Raahil"]
[Black "Tokhirjonova, Gulrukhbegim"]
[Result "0-1"]
[WhiteElo "2275"]
[BlackElo "2434"]
[Annotator "TA"]
[PlyCount "196"]
[EventDate "2019.03.22"]
[EventType "swiss"]
[EventCountry "UAE"]
[SourceTitle "playchess.com"]
[Source "ChessBase"]
[SourceQuality "1"]

{[%evp 19,195,-12,-15,-4,0,-32,-29,-70,-56,-73,-41,-41,-43,-53,-40,-42,-29,-39,-25,-86,-4,-104,-75,-114,-127,-121,-90,-83,-86,-132,-126,-149,-148,-164,-143,-266,-196,-218,-195,-174,-190,-184,-149,-150,-138,-147,-78,-69,-69,-67,-68,-82,-57,-75,-51,-52,-50,-383,-388,-387,-377,-516,-508,-433,-233,-240,-199,-229,-218,-416,-416,-416,-416,-416,-416,-416,-416,-422,-410,-408,-414,-427,-439,-433,-432,-472,-298,-372,-364,-337,-291,-433,-433,-427,-383,-495,-467,-612,-599,-508,-399,-378,-344,-330,-330,-424,-330,-407,-315,-315,-277,-683,-600,-547,-103,-103,-103,-607,-501,-537,-177,-754,-383,-1880,-1716,-1997,-888,-2523,-3020,-3385,-3919,-3023,-2853,-2533,-72,-780,0,-2281,-2040,-2141,-1974,-1899,-71,-71,0,-1615,-1620,-1342,-1398,-29972,-29974,-29980,-29981,-29982,-29983,-29982,-29983,-29983,-29984,-29985,-29987,-29987,-29986,-29986,-29987,-29989,-29989,-29989,-29990,-29990,-29991,-29991,-29992,-29995,-29996,-29998,-29999,-29999]} 1. e4 e5 2. Nf3 Nc6 3. Bb5 a6 4. Ba4 Nf6 5. O-O Bc5 6. c3 b5 7. Bb3 d6 8. d4 Bb6 9. a4 Bg4 {C78: Ruy Lopez: Archangelsk and Möller Defences} (9... Rb8 10. a5 Ba7 11. h3 O-O 12. Be3 Ra8 13. Nbd2 h6 14. Re1 Re8 15. Qc2 exd4 16. Nxd4 Nxd4 17. cxd4 c5 {1-0 (63) Saric,I (2689)-Maghsoodloo,P (2649) Batumi 2018}) 10. d5 Ne7 {LiveBook: 6 Games} 11. Re1 Ng6 {The position is equal.} 12. Qd3 Nd7 $146 ({Predecessor:} 12... O-O 13. axb5 axb5 14. Rxa8 Qxa8 15. Na3 Nd7 16. Qxb5 Nc5 17. Bd1 {½-½ (58) Belyaev,I (2053)-Kiripov,M (1989) Berezovskoe 2008}) 13. Bd1 ({Don't play} 13. axb5 Nc5 $17) 13... Nc5 14. Qf1 bxa4 15. Be3 O-O 16. h3 Bc8 17. Nbd2 Rb8 18. Bc2 $1 a5 19. Ra2 {[#]} (19. Reb1 $11) 19... Ne7 (19... f5 $1 $17) 20. g4 (20. Bxc5 $11 {keeps the balance.} Bxc5 21. Bxa4) 20... Ba6 21. c4 c6 22. Qg2 {[#]} Nb3 $1 {[%mdl 512]} 23. Rxa4 (23. Bxb3 axb3) 23... Bxe3 24. Nxb3 Bb6 25. Nbd2 Ng6 26. dxc6 Qc7 27. Nb1 (27. Qg3 $17) 27... Qxc6 28. Qf1 Bb5 29. Nc3 Bxa4 30. Bxa4 Qc5 {aiming for ...Qb4.} 31. Nd5 Ba7 32. b3 Nf4 ({Better is} 32... Qa3 33. Ra1 Qb2) 33. Nxf4 $17 exf4 34. Rd1 Qa3 35. Qd3 Bc5 36. Qc2 Rb4 37. Kg2 Rfb8 38. Rd3 $2 {[%mdl 8192] [#]} ({White should try} 38. e5 $15 R4b6 39. Ng5 f3+ 40. Nxf3) 38... Rxa4 $1 $19 {[%mdl 512]} 39. bxa4 Rb2 40. Qd1 Rxf2+ 41. Kh1 Qa2 (41... Qb4 $142 42. e5 dxe5 43. Nxe5 Bf8) 42. e5 Qxc4 {...d5! is the strong threat.} 43. exd6 {[#]} Bxd6 $1 {[%mdl 512]} 44. Kg1 $2 (44. Rd4 {was the only chance.} Rf1+ 45. Kg2 Rxd1 46. Rxc4) (44. Rxd6 Rf1+) 44... Qc5 {White must now prevent ...Rd2+.} 45. Kh1 Bf8 46. Rd2 h6 47. Rxf2 Qxf2 48. Ng1 Bc5 {Strongly threatening ...Qxg1+.} 49. Qd8+ Kh7 {[%csl Gc5][%cal Rf2g1]} 50. Qd3+ g6 {[%csl Gc5][%cal Rf2g1]} 51. Nf3 Qe3 52. Qd5 Kg7 53. Qd1 Qe4 54. Kg2 Be7 55. Qa1+ (55. Qd4+ {is a better defense.} Qxd4 56. Nxd4) 55... Bf6 56. Qd1 Kh7 57. Qb3 Qe2+ 58. Kh1 Kg7 59. Qd5 Qf2 60. Qd3 Qc5 61. Kg2 Qb4 62. Qd7 Qb2+ 63. Kf1 Qc2 64. Kg1 h5 65. Kf1 $2 (65. gxh5 gxh5 66. Qb5) 65... Qc4+ 66. Kf2 Qe6 $2 (66... Qc5+ $19 67. Kg2 Qc2+ 68. Kg1 Qb1+ 69. Kg2 Qa2+ 70. Kg1 hxg4 71. hxg4 Qb1+ 72. Kg2 Qc2+ 73. Kg1 g5) 67. Qxe6 $17 fxe6 {[%mdl 4096] Endgame KB-KN} 68. Ke2 $2 {[%mdl 8192]} (68. g5 $17 Bd8 69. Ke2) 68... hxg4 $19 69. hxg4 g5 70. Kd3 $2 (70. Nd2) 70... Kf7 71. Kc4 $2 (71. Nd2) 71... Ke7 72. Nd2 Kd6 73. Nf3 Kc6 74. Nd2 e5 75. Ne4 Be7 76. Nd2 Bc5 $2 (76... Bd8 $19 {is more deadly.} 77. Ne4 f3) 77. Ne4 $2 {[%mdl 8192]} (77. Nf3 $17) 77... Be7 (77... f3 $142 78. Kd3 f2) 78. Nd2 Kd6 79. Ne4+ Ke6 80. Nd2 Bb4 $2 (80... Bd8 $19 {has better winning chances. Threatens to win with ...Be7.} 81. Ne4 Be7) 81. Ne4 $17 Be7 $2 {[%mdl 8192]} (81... Kd7 $17 82. Nxg5 Be7) 82. Nd2 $19 Bd8 83. Ne4 f3 84. Kc5 {[#]} Bb6+ $1 {[%mdl 512] Black mates.} 85. Kxb6 {KN-KP} Kd5 86. Nd2 e4 87. Kxa5 {KN-K3P} f2 88. Nf1 Kd4 89. Kb6 e3 90. Ng3 Kd3 91. a5 e2 92. a6 f1=Q 93. Nxf1 exf1=Q 94. a7 Qf3 95. Kc7 Qa8 96. Kb6 Kc4 97. Ka6 Kc5 98. Ka5 Qxa7# {Precision: White = 35%, Black = 60%.} 0-1

[Event "3rd Sharjah Masters 2019"]
[Site "Sharjah"]
[Date "2019.03.25"]
[Round "4.30"]
[White "Kaabi, Mejdi"]
[Black "Laxman, R.R."]
[Result "0-1"]
[WhiteElo "2266"]
[BlackElo "2425"]
[Annotator "TA"]
[PlyCount "62"]
[EventDate "2019.03.22"]
[EventType "swiss"]
[EventCountry "UAE"]
[SourceTitle "playchess.com"]
[Source "ChessBase"]
[SourceQuality "1"]

{[%evp 14,62,4,0,0,0,0,0,0,0,0,0,0,0,0,0,0,0,0,0,0,0,0,0,0,0,0,0,0,0,0,-4,-4,-29,-32,-51,-51,-100,-50,-106,-99,-97,-68,-115,-123,-158,-140,-220,-222,-242,-200]} 1. d4 Nf6 2. c4 e6 3. Nf3 d5 4. Nc3 Bb4 5. cxd5 exd5 6. Bg5 h6 7. Bxf6 Qxf6 8. e3 c6 {D38: Queen's Gambit Declined: Ragozin Defence (4 Nf3 Bb4)} 9. h3 O-O 10. Bd3 Nd7 $146 {The position is equal.} ({Predecessor:} 10... Be6 11. Qb3 Qe7 12. O-O Bd6 13. Rae1 Qc7 14. Qc2 Nd7 15. Bh7+ Kh8 16. Bf5 {1-0 (42) Vazquez Igarza,R (2592)-Rodshtein,M (2680) Caleta 2015}) 11. O-O Qe7 12. Qc2 Re8 13. a3 Bd6 14. Rfe1 Nf6 15. e4 dxe4 16. Nxe4 Be6 17. Nc5 Bxc5 $1 18. dxc5 Rad8 19. Bf5 Bxf5 20. Qxf5 Qd7 21. Rxe8+ Nxe8 22. Qxd7 (22. Qe4 {seems wilder.} Nc7 23. b4 Re8 24. Qd4 Nd5 25. Re1) 22... Rxd7 $11 {[%mdl 4096] Endgame KRN-KRN} 23. Rc1 Nc7 24. Kf1 Ne6 25. Rc4 Rd3 26. Ne1 {[#]} (26. Ke1 $15) 26... Rb3 $1 $17 27. Rc2 g5 28. g3 Kg7 29. Kg2 Kf6 {Black is clearly better.} 30. a4 (30. Kf1 $17 {was worth a try.}) 30... a5 $19 31. Rc4 Ke5 {Accuracy: White = 32%, Black = 79%.} 0-1

[Event "3rd Sharjah Masters 2019"]
[Site "Sharjah"]
[Date "2019.03.25"]
[Round "4.31"]
[White "Divya Deshmukh"]
[Black "Raja Rithvik R"]
[Result "0-1"]
[WhiteElo "2266"]
[BlackElo "2423"]
[Annotator "TA"]
[PlyCount "148"]
[EventDate "2019.03.22"]
[EventType "swiss"]
[EventCountry "UAE"]
[SourceTitle "playchess.com"]
[Source "ChessBase"]
[SourceQuality "1"]

{[%evp 9,148,11,30,27,29,0,13,0,0,0,0,-7,4,-16,-10,-12,-17,-16,5,0,4,-3,37,0,8,-15,0,-9,1,-32,-31,-27,-4,-18,0,-4,-11,-8,-13,-26,-17,-33,0,-33,-25,-27,0,0,0,-14,-18,-12,0,-76,-66,-69,-78,-120,-106,-132,-131,-121,-120,-148,-147,-159,-158,-157,-158,-151,-147,-151,-151,-164,-165,-157,-156,-158,-152,-168,-135,-204,-204,-266,-259,-423,-353,-353,-341,-320,-320,-29968,-29967,-29965,-29962,-7842,-6008,-29983,-6170,-29984,-29985,-29984,-29984,-29987,-29988,-29988,-29989,-29988,0,-1717,-754,-701,-727,-683,-588,-654,-611,-904,-905,-773,-790,-1476,-771,-29978,-29979,-29982,-29983,-29983,-29984,-29984,-29985,-29985,-29986,-29986,-29987,-29988,-29989,-29989,-29990,-29990,-29991]} 1. d4 Nf6 2. Bg5 Ne4 3. Bf4 d5 4. e3 c5 5. Bd3 Nf6 6. c3 {A45: Trompowsky Attack} Qb6 (6... Nc6 7. Nd2 Qb6 8. Rb1 Bg4 9. Ngf3 e6 10. Qa4 Be7 11. Ne5 O-O 12. Bg5 c4 13. Bc2 Bh5 14. Bxf6 gxf6 {1-0 (52) Mchedlishvili,M (2603)-Amin,B (2689) Riadh 2017}) 7. Qc1 (7. Qc2 {looks sharper.} c4 8. Be2 g6 9. b3 Bf5 10. Qd1) 7... Nh5 8. Ne2 {The position is equal.} Nxf4 $146 ({Predecessor:} 8... Nc6 9. Nd2 g6 10. h3 Bg7 11. Bh2 O-O 12. f4 Nf6 13. Ng3 Ne8 {0-1 (48) Ozenir,E (2267)-Karaoglan,D (2142) Antalya 2019}) 9. Nxf4 e6 10. O-O Bd6 11. Nh5 g6 12. Nf6+ Ke7 13. Ng4 $1 f5 14. Ne5 Nd7 15. f4 Nf6 16. Na3 {[%cal Bb1a3,Ba3c2,Bc2d4][%mdl 32]} Bd7 17. dxc5 (17. Nc2 {is more complex.} Rhc8 18. dxc5 Qxc5 19. Qe1 Qc7 20. Nf3) 17... Qxc5 18. Nxd7 Nxd7 19. Nc2 Qc7 20. Nd4 Nc5 21. Bc2 Rac8 22. Qe1 Kf7 23. Rd1 Be7 24. Rf2 a6 25. Rfd2 Rhd8 26. Qg3 Bf6 27. Qf3 Kg7 28. g4 {[%cal Rg4f5]} Bxd4 29. exd4 Ne4 30. Rg2 Qe7 31. g5 (31. Qh3 $11) 31... Rh8 $17 32. Bxe4 fxe4 33. Qg3 h5 34. h4 Rhf8 35. Rf1 b5 36. Qe1 Qd6 37. Qd2 Rf7 38. a3 a5 39. Rgf2 {[#]} b4 $1 {[%mdl 512]} 40. axb4 axb4 41. cxb4 Rc4 {[%cal Bc8c4,Bc4b4,Bb4b3][%mdl 32]} 42. Rc1 Rxb4 43. Rc5 Rb3 44. Rc3 Qb6 45. Kg2 (45. Rxb3 $17 Qxb3 46. Qc3) 45... Rb4 $19 46. Qc2 {and the idea Rc6 leaves White hopeful.} Qxd4 47. Rd2 $2 (47. Rc6) 47... Qb6 48. Rc6 Qe3 {White must now prevent ...Qf3+.} 49. Rf2 Rb3 50. Kf1 $2 (50. Rc3 $19 Rxc3 51. Qxc3+ Qxc3 52. bxc3) 50... Qh3+ 51. Ke1 Re3+ 52. Kd2 Rd3+ 53. Ke1 Qh1+ (53... d4 $142 54. Qc1 e3 55. Rf1 Qg3+ 56. Ke2 Rd2+ 57. Qxd2 Qh2+ 58. Kd3 Qxd2+ 59. Kc4 Qc2+ 60. Kb5 Rb7+ 61. Rb6 Qb3+ 62. Kc5 Qd5+ 63. Kb4 Rxb6+ 64. Ka4 Qa8#) 54. Ke2 d4 55. Qc1 Qxh4 56. Rc7 Qg4+ 57. Ke1 Qg1+ 58. Ke2 Qg4+ (58... Re3+ $142 59. Qxe3 Qg4+ 60. Rf3 dxe3 61. Rxf7+ Kxf7 62. Kxe3 exf3 63. b4 h4 64. b5 h3 65. b6 h2 66. Kd4 h1=Q 67. Kc5 Qxf4 68. Kb5 f2 69. Ka5 Qd5+ {[%mdl 64] Double Attack} 70. Ka6 Qa4#) 59. Ke1 {[#] intending Rxf7+.} Re3+ (59... Kh8 $142 $1 {[%mdl 512]} 60. Rc8+ Kg7) 60. Kd2 Qf5 61. Rxf7+ Qxf7 {[%mdl 4096] Endgame KQR-KQR} 62. Qc5 Qd7 63. Kd1 Rd3+ 64. Ke1 Rh3 {Strongly threatening ...e3.} 65. f5 Rh1+ 66. Ke2 exf5 {Black mates.} 67. Qb6 d3+ 68. Kd2 Rh3 69. Qf6+ Kh7 70. Rxf5 Qxf5 71. Qe7+ Kg8 72. Qd8+ Qf8 73. Qd5+ Qf7 74. Qd8+ Kh7 {Accuracy: White = 37%, Black = 67%.} 0-1

[Event "3rd Sharjah Masters 2019"]
[Site "Sharjah"]
[Date "2019.03.25"]
[Round "4.32"]
[White "Poormosavi, Seyed Kian"]
[Black "Akash G"]
[Result "0-1"]
[WhiteElo "2261"]
[BlackElo "2411"]
[Annotator "TA"]
[PlyCount "154"]
[EventDate "2019.03.22"]
[EventType "swiss"]
[EventCountry "UAE"]
[SourceTitle "playchess.com"]
[Source "ChessBase"]
[SourceQuality "1"]

{[%evp 12,154,4,6,23,22,29,21,36,33,36,35,44,25,25,5,47,35,55,12,45,10,8,0,16,8,8,0,14,10,17,14,0,-16,-16,-37,-18,-19,-28,-32,0,0,0,0,0,-2,0,0,41,10,23,4,150,159,213,0,0,0,0,-97,-93,-335,-335,-323,-329,-313,-208,-704,-280,-265,-113,-116,-73,-72,-72,-72,-70,-67,-82,-83,-71,-204,-186,-262,-274,-267,-241,-252,-250,-228,-147,-333,-308,-470,-470,-468,-349,-467,-454,-482,-481,-472,-476,-476,-340,-471,-500,-514,-455,-474,-392,-361,-329,-428,-427,-461,-393,-674,-646,-4618,-4618,-677,-622,-822,-793,-689,-732,-631,-584,-536,-408,-391,-398,-901,-875,-797,-796,-944,-1006,-1568,-2010,-29978,-29979,-29995,-29995]} 1. Nf3 Nf6 2. g3 d5 3. Bg2 c6 4. O-O Bg4 5. c4 e6 6. d3 Nbd7 7. Nc3 Bxf3 {A11: English Opening: 1...c6} 8. exf3 Be7 9. f4 Nb6 {The position is equal.} 10. b3 O-O 11. Qc2 $146 ({Predecessor:} 11. Bb2 a5 12. Qc2 Nc8 13. Rad1 Rb8 14. Ne2 Nd6 15. Bh3 {0-1 (41) Zemerov,V (2430)-Almasi,Z (2590) Hungary 1996}) 11... Nc8 12. Ne2 Nd6 13. c5 Nde8 14. Be3 Nd7 15. Bh3 Nc7 16. b4 a5 17. a3 Ra6 18. Nc3 Qa8 19. Qb2 Bf6 {[#] Hoping for ...d4.} 20. d4 b6 21. Rfb1 Rb8 {Threatens to win with ...bxc5.} 22. cxb6 Nxb6 23. Bf1 Nc4 24. Bxc4 dxc4 25. Ne4 Be7 {White should prevent ...axb4.} 26. Nc5 Bxc5 27. dxc5 axb4 28. axb4 Nd5 {[#] And now ...c3 would win.} 29. Bd2 h5 30. Qe5 Rd8 31. Bc3 {[%csl Gc3][%cal Re5g7]} f6 (31... Nxc3 $11 {remains equal.} 32. Qxc3 Ra2) 32. Qxe6+ $16 Kf8 (32... Kh7 $16) 33. Qe1 $2 (33. b5 $18 Rxa1 34. Rxa1) 33... Ra2 $11 34. Qc1 Re8 35. Bd4 (35. b5 $11) 35... Re4 $17 36. Qd1 $2 (36. Qb2 $17 Rxa1 37. Rxa1) 36... c3 $19 {White must now prevent ...Rxd4!} 37. Rxa2 Qxa2 38. Rc1 Qd2 39. Be3 $2 (39. Bxc3 Qxd1+ {[%mdl 64] Overworked Piece} 40. Rxd1 Nxc3 41. Rd6) 39... Qxd1+ $2 (39... Nxe3 40. fxe3 Qxe3+ 41. Kh1 Rd4) 40. Rxd1 Rxb4 {[%mdl 4096] Endgame KRB-KRN} (40... Nxb4 $19 {...Rxe3! is the strong threat.} 41. Rc1 c2) 41. Rc1 $17 Rc4 42. Kf1 Kf7 43. Ke2 Ke6 ({But not} 43... Nxe3 44. fxe3 Ke6 45. Kd3 $11) 44. Kd3 Ra4 45. Bd4 Ra2 46. Bxc3 (46. Be3 $17) 46... Rxf2 $19 47. Bd4 (47. Be1 {was worth a try.} Rxh2 48. Ra1) 47... Rxh2 48. Ke4 Re2+ 49. Kf3 Rd2 50. Bf2 Rd3+ 51. Ke2 $2 (51. Ke4 $17 Ra3 52. f5+ Kf7 53. Rh1) 51... Ra3 52. Re1 (52. Kf1 {keeps fighting.}) 52... Kf5 53. Kf1 Ra2 54. Rb1 Kg4 55. Rb7 g6 56. Rb3 Rc2 57. Rd3 Rc3 58. Rd2 Kf3 59. Kg1 Ra3 60. Kh2 Ra1 61. Bg1 Re1 62. Rf2+ Kg4 63. Rd2 h4 64. gxh4 $2 (64. Rg2 hxg3+ 65. Rxg3+ Kf5 66. Rf3) 64... Nxf4 65. Rd6 Re2+ 66. Kh1 Nh5 {[%cal Rh5g3]} 67. Bh2 Kh3 {( -> ...Re1+)} 68. Rd3+ Kxh4 69. Kg1 Kg4 70. Bc7 Rc2 71. Rd4+ Kf3 72. Bd6 $2 (72. Rd3+ Ke4 73. Ra3) 72... g5 73. Rd3+ Ke4 74. Rh3 Nf4 75. Rh6 f5 76. Rh7 Kf3 77. Rf7 Ne2+ {Accuracy: White = 38%, Black = 64%.} 0-1